000 00820nam a22002297a 4500
999 _c65099
_d65099
005 20240530110807.0
008 190115s1999 ua a f 000 0 ara d
017 _a1999/8873
_bمصر. دار الكتب
020 _a9770161766
040 _aEG-CaGPL
_cEG-CaGPL
082 0 4 _221
_a780.9 /
_bش ت
100 1 _aشامبينيول ، برنارد
245 1 2 _aالجرفيون :
_bبين التكيف مع الفقر وصناعة راس المال /
_cحامد الهادى
250 _aط.1
260 _aالقاهرة :
_bالهيئة المصرية العامة للكتاب،
_c1999 .
300 _a213 ص. :
_bايض ؛
_c20 سم.
650 0 7 _2qrmak
_aالموسيقى
650 0 7 _aالموسيقى
_2qrmak
_xتاريخ
651 _2qrmak
942 _2ddc
_cBK